Od počiatku s reklamou

Vývoj kozmetickej značky Nivea od r. 1911. Producentom kozmetiky Nivea je spoločnosť Beiersdorf AC Hamburg. Charakter značky. Marketingová komunikácia značky. Tendencie trhu. Ukážky z vývoja loga najznámejšieho produktu značky Nivea - Nivea krému. Výdavky na reklamu. Etablovanie značky Nivea na slov...

Descrizione completa

Salvato in:
Dettagli Bibliografici
Natura: Capitolo di libro
Lingua:slovacco
Soggetti:
Tags: Aggiungi Tag
Nessun Tag, puoi essere il primo ad aggiungerne!!

MARC

LEADER 00000naa a2200000 4500
001 r036495
005 20230929100246.7
041 0 |a slo 
044 |a SK 
245 1 0 |a Od počiatku s reklamou 
520 |a Vývoj kozmetickej značky Nivea od r. 1911. Producentom kozmetiky Nivea je spoločnosť Beiersdorf AC Hamburg. Charakter značky. Marketingová komunikácia značky. Tendencie trhu. Ukážky z vývoja loga najznámejšieho produktu značky Nivea - Nivea krému. Výdavky na reklamu. Etablovanie značky Nivea na slovenskom trhu. 
610 2 0 |a výrobky značkové 
610 2 0 |a značky výrobné 
610 2 0 |a kozmetika 
610 2 0 |a Nivea 
610 2 0 |a logo 
610 2 0 |a produkty 
610 2 0 |a výrobky značkové 
610 2 0 |a konkurencia 
610 2 0 |a komunikácia marketingová 
610 2 0 |a Beiersdorf Slovakia, spol. s r.o.